| 000 | 00710nam a2200265Ia 4500 | ||
|---|---|---|---|
| 003 | OSt | ||
| 005 | 20220926022934.0 | ||
| 006 | a|||||r|||| 00| 0 | ||
| 007 | ta | ||
| 008 | 220923b |||||||| |||| 00| 0 eng d | ||
| 020 | _a031409503 | ||
| 037 | _cGeneral Book | ||
| 040 |
_aRTL _cRTL _beng |
||
| 041 |
_2eng _aeng |
||
| 082 | _aX6, N7 | ||
| 100 |
_aLombra Ray _9328444 |
||
| 245 | 0 | _aFinancial system and the economy | |
| 260 |
_aNew York _bWest Publishing _c1997 |
||
| 300 |
_axxiii, 723p _ccm. |
||
| 650 | _a Economics | ||
| 650 |
_aCredit _9234994 |
||
| 700 |
_a Burton Maureen _9308188 |
||
| 942 |
_hX6, N7 _cGB _2CC |
||
| 999 |
_c640604 _d640604 |
||